| 000 | 00417nam a22001577a 4500 | ||
|---|---|---|---|
| 003 | NUST - PNEC | ||
| 005 | 20170116181054.0 | ||
| 008 | 150930b xxu||||| |||| 00| 0 eng d | ||
| 040 | _cLIBRARY | ||
| 082 | _a623.8723 PET | ||
| 100 |
_911977 _aIsakson, Horace E. |
||
| 245 |
_aMarine internal combustion engines _cIsakson, Horace E. |
||
| 260 | _c- | ||
| 650 |
_911976 _aMechanical engineering _xME |
||
| 942 |
_2ddc _cBK |
||
| 999 |
_c68476 _d68476 |
||